| 000 | 00574nam a22002057a 4500 | ||
|---|---|---|---|
| 005 | 20200312142932.0 | ||
| 008 | 200312b xxu||||| |||| 00| 0 eng d | ||
| 020 |
_a9780241228029 _c₹ 399 |
||
| 040 | _beng | ||
| 041 | _aEnglish | ||
| 082 |
_a396 _bBLA |
||
| 100 | _aBlack, Alexandra | ||
| 245 |
_aFeminism is... _cAlexandra Black, Laura Buller, Emily Hoyle and Megan Todd. Consultant Debra Ferreday |
||
| 260 |
_aLondon _bDorling Kindersley _c2019 |
||
| 300 |
_a160p _b24 cm; ill |
||
| 504 | _aIncludes index | ||
| 650 | _aFeminism | ||
| 850 | _aLCLIB | ||
| 942 | _cBK | ||
| 999 |
_c42669 _d93148 |
||